000 01005nam a22001577a 4500
999 _c525723
_d525723
008 240408b ||||| |||| 00| 0 eng d
100 _aNaik, M.R. and Kumar, Rohit
_951584
245 _aPredicating property crimes in railways: A case of Bihar rail network
260 _aThe Indian Police Journal
300 _a 69(3), Jul-Sep, 2022: p.12-25
520 _aNumerous policing outfits across the globe are adopting predictive policing to contain different types of crime. Indian police forces are also using predictive policing in various areas, except railways. This study is an attempt to showcase the usage of predictive policing tools in Indian railways by implementing it to predict property crimes in Bihar rail network. – Reproduced
650 _aPolicing Outfits, Predictive Policing, Crime, Indian Police Forces, Railways, Indian Railways, Predictive Policing Tools, Property Crimes, Bihar Rail Network
_951585
773 _aThe Indian Police Journal
906 _aCRIMES
942 _cAR